000 00620nam a2200193Ia 4500
003 IN-BaIIA
008 211028s9999 xx 000 0 eng d
020 _a90-277-2652-3
040 _cIIA Library
080 _a52(082.1)
_bASS-139
100 _aBatten, Alan H.
_915758
245 0 _aResolute and undertaking characters
_cAlan H. Batten
260 _aDordrecht
_bD. Reidel Publishing
_c1988
300 _axxv, 259p.
490 _aAstrophysics and space science library; v. 139
650 _aAstronomy and Astrophysics Thesaurus
650 _aBiography
_91224
942 _cBK
999 _c9349
_d9349